000 00595nam a2200205Ia 4500
003 GCL
008 140319s9999 xx 000 0 ara d
040 _aGCL /
_cGCL
082 0 4 _aق
_b923.2
_bع ج
100 1 _aعلى شلش
245 1 0 _aجمال الدين الافغانى /
_cعلى شلش
260 _a[S.N] :
_bرياض الريس للكتب والنشر ،
_c1987
300 _a252 ص
490 _a
650 0 4 _aمصر
650 0 4 _aالعالم العربى
650 0 4 _aالاحوال الاجتماعية
650 0 4 _aالاحوال الثقافية
942 _2ddc
_cBK
999 _c52399
_d52399